LEADER 05259nam 2200649Ia 450 001 9910457994503321 005 20200520144314.0 010 $a1-281-31144-8 010 $a9786611311445 010 $a0-08-052941-0 035 $a(CKB)1000000000384606 035 $a(EBL)331918 035 $a(OCoLC)476132257 035 $a(SSID)ssj0000125280 035 $a(PQKBManifestationID)12002942 035 $a(PQKBTitleCode)TC0000125280 035 $a(PQKBWorkID)10026722 035 $a(PQKB)10921861 035 $a(MiAaPQ)EBC331918 035 $a(Au-PeEL)EBL331918 035 $a(CaPaEBR)ebr10216698 035 $a(CaONFJC)MIL131144 035 $a(EXLCZ)991000000000384606 100 $a19960501d1996 uy 0 101 0 $aeng 135 $aur|n|---||||| 181 $ctxt 182 $cc 183 $acr 200 10$aCombustion$b[electronic resource] /$fIrvin Glassman 205 $a3rd ed. 210 $aSan Diego, Calif. $cAcademic Press$dc1996 215 $a1 online resource (651 p.) 300 $aDescription based upon print version of record. 311 $a0-12-285852-2 320 $aIncludes bibliographical references and indexes. 327 $aFront Cover; Combustion; Copyright Page; Contents; Preface; Acknowledgments; Chapter 1. Chemical Thermodynamics and Flame Temperatures; A. Introduction; B. Heats of Reaction and Formation; C. Free Energy and the Equilibrium Constants; D. Flame Temperature Calculations; Problems; References; Chapter 2. Chemical Kinetics; A. Introduction; B. Rates of Reactions and Their Temperature Dependence; C. Simultaneous Interdependent Reactions; D. Chain Reactions; E. Pseudo-First-Order Reactions and the ""Fall-Off"" Range; F. The Partial Equilibrium Assumption; G. Pressure Effect in Fractional Conversion 327 $aProblemsReferences; Chapter 3. Explosive and General Oxidative Characteristics of Fuels; A. Introduction; B. Chain Branching Reactions and Criteria for Explosion; C. Explosion Limits and Oxidation Characteristics of Hydrogen; D. Explosion Limits and Oxidation Characteristics of Carbon Monoxide; E. Explosion Limits and Oxidation Characteristics of Hydrocarbons; F. The Oxidation of Aldehydes; G. The Oxidation of Methane; H. The Oxidation of Higher-Order Hydrocarbons; Problems; References; Chapter 4. Flame Phenomena in Premixed Combustible Gases; A. Introduction; B. Laminar Flame Structure 327 $aC. The Laminar Flame SpeedD. Stability Limits of Laminar Flames; E. Turbulent Reacting Flows and Turbulent Flames; F. Stirred Reactor Theory; G. Flame Stabilization in High-Velocity Streams; Problems; References; Chapter 5. Detonation; A. Introduction; B. Detonation Phenomena; C. Hugoniot Relations and the Hydrodynamic Theory of Detonations; D. Comparison of Detonation Velocity Calculations with Experimental Results; E. The ZND Structure of Detonation Waves; F. The Structure of the Cellular Detonation Front and Other Detonation Phenomena Parameters; G. Detonations in Nongaseous Media 327 $aProblemsReferences; Chapter 6. Diffusion Flames; A. Introduction; B. Gaseous Fuel Jets; C. Burning of Condensed Phases; D. Burning of Droplet Clouds; E. Burning in Convective Atmospheres; Problems; References; Chapter 7. Ignition; A. Concepts; B. Chain Spontaneous Ignition; C. Thermal Spontaneous Ignition; D. Forced Ignition; Problems; References; Chapter 8. Environmental Combustion Considerations; A. Introduction; B. The Nature of Photochemical Smog; C. Formation and Reduction of Nitrogen Oxides; D. SOx Emissions; E. Particulate Formation; F. Stratospheric Ozone; Problems; References 327 $aChapter 9. Combustion of Nonvolatile FuelsA. Carbon Char, Soot, and Metal Combustion; B. Metal Combustion Thermodynamics; C. Diffusional Kinetics; D. Diffusion-Controlled Burning Rate; E. The Burning of Porous Chars; F. The Burning Rate of Ash-Forming Coal; Problems; References; Appendixes; A. Thermochemical Data and Conversion Factors; B. Specific Reaction Rate Constants; C. Bond Dissociation Energies of Hydrocarbons; D. Laminar Flame Speeds; E. Flammability Limits in Air; F. Spontaneous Ignition Temperature Data; G. Minimum Spark Ignition Energies and Quenching Distances 327 $aH. Programs for Combustion Kinetics 330 $aThis Third Edition of Glassman's classic text clearly defines the role of chemistry, physics, and fluid mechanics as applied to the complex topic of combustion. Glassman's insightful introductory text emphasizes underlying physical and chemical principles, and encompasses engine technology, fire safety, materials synthesis, detonation phenomena, hydrocarbon fuel oxidation mechanisms, and environmental considerations. Combustion has been rewritten to integrate the text, figures, and appendixes, detailing available combustion codes, making it not only an excellent introductory text but al 606 $aCombustion 606 $aThermochemistry 608 $aElectronic books. 615 0$aCombustion. 615 0$aThermochemistry. 676 $a541.3/61 700 $aGlassman$b Irvin$013479 801 0$bMiAaPQ 801 1$bMiAaPQ 801 2$bMiAaPQ 906 $aBOOK 912 $a9910457994503321 996 $aCombustion$973114 997 $aUNINA LEADER 05281nam 22008175 450 001 9910647397203321 005 20260326164627.0 010 $a3-031-22649-6 024 7 $a10.1007/978-3-031-22649-6 035 $a(MiAaPQ)EBC7187325 035 $a(Au-PeEL)EBL7187325 035 $a(CKB)26068930400041 035 $a(DE-He213)978-3-031-22649-6 035 $a(EXLCZ)9926068930400041 100 $a20230128d2023 u| 0 101 0 $aeng 135 $aurcnu|||||||| 181 $ctxt$2rdacontent 182 $cc$2rdamedia 183 $acr$2rdacarrier 200 10$aEnvironmental Impacts on Families $eChange, Challenge, and Adaptation /$fedited by Selena E. Ortiz, Susan M. McHale, Valarie King, Jennifer E. Glick 205 $a1st ed. 2023. 210 1$aCham :$cSpringer Nature Switzerland :$cImprint: Springer,$d2023. 215 $a1 online resource (209 pages) 225 1 $aNational Symposium on Family Issues,$x2192-9165 ;$v12 311 08$aPrint version: Ortiz, Selena E. Environmental Impacts on Families Cham : Springer,c2023 9783031226489 320 $aIncludes bibliographical references and index. 327 $aPart I. Environmental Disasters and Impacts on Families -- Chapter 1. Impacts of Disaster-Induced Death and Destruction on Health and Mortality over the Longer Term -- Chapter 2. Evidence-Based Interventions for Children and Families During Disaster Recovery: Trends, Lessons Learned, and Future Directions -- Part II. Climate Change and Impacts on Families -- Chapter 3. Climate Change-Related Demographic and Health Research: Data and Approaches -- Chapter 4. Family Well-Being in the Context of Environmental Migration -- Part III. The Built Environment and Impacts on Families -- Chapter 5. The Built Environment, Family Processes, and Child and Adolescent Health and Well-Being -- Chapter 6. Equitable Change in Community Built Environments for Family Health: REACH River Rouge Project -- Chapter 7. How Family Caregiving Negotiates and Depends on the Urban Environment -- Part IV. Future Directions in Environmental Impacts on Families Research and Practice -- Chapter 8. Families in Context: Understanding Environmental Impacts on Family Functioning in Service of Resilience and Equity. 330 $aThis book examines ways in which families? physical environments have implications for their relationships and the health and well-being of their members. Attention is given to three aspects of the physical environment?disasters, climate change, and the built environment?and the challenges these may create for families. Chapters describe particular considerations within each of these three physical environment challenges, the ways they affect families, and factors that protect families, promote their resilience and enable them to flourish. Finally, the volume offers recommendations for the role of government programs and policies to support families to overcome and/or adapt to environmental challenges as well as highlights the efficacy of evidence-based interventions aimed at promoting family resilience. Featured areas of coverage include: Extreme natural events and families? postdisaster recovery. Family adaptations to climate change. The built environmentand children?s health and well-being. Community-driven approaches to address environmental inequities. The urban environment of family caregiving. Environmental Impacts on Families is a must-have resource for researchers, professors, and graduate students as well as clinicians, therapists, policymakers, and other related professionals in developmental psychology, family studies, environmental health and policy, social work, public health, educational policy and politics, economics, migration studies, and all interrelated disciplines. 410 0$aNational Symposium on Family Issues,$x2192-9165 ;$v12 606 $aDevelopmental psychology 606 $aSystemic therapy (Family therapy) 606 $aEnvironmental health 606 $aSocial psychiatry 606 $aPublic health 606 $aEmigration and immigration 606 $aDevelopmental Psychology 606 $aSystems or Family Therapy 606 $aEnvironmental Health 606 $aClinical Social Work 606 $aPublic Health 606 $aHuman Migration 606 $aImpacte ambiental$2thub 606 $aFamília$2thub 606 $aPsicologia ambiental$2thub 608 $aLlibres electrònics$2thub 615 0$aDevelopmental psychology. 615 0$aSystemic therapy (Family therapy) 615 0$aEnvironmental health. 615 0$aSocial psychiatry. 615 0$aPublic health. 615 0$aEmigration and immigration. 615 14$aDevelopmental Psychology. 615 24$aSystems or Family Therapy. 615 24$aEnvironmental Health. 615 24$aClinical Social Work. 615 24$aPublic Health. 615 24$aHuman Migration. 615 7$aImpacte ambiental 615 7$aFamília 615 7$aPsicologia ambiental 676 $a155.9 676 $a155.9 702 $aOrtiz$b Selena E. 801 0$bMiAaPQ 801 1$bMiAaPQ 801 2$bMiAaPQ 906 $aBOOK 912 $a9910647397203321 996 $aEnvironmental Impacts on Families$93364267 997 $aUNINA